Normal view
MARC view
- EXPERT SYSTEMS (COMPUTER SCIENCE), FUZZY SYSTEMS
Entry Topical Term
001 - CONTROL NUMBER
- control field: 65554
003 - CONTROL NUMBER IDENTIFIER
- control field: NUST
005 - DATE AND TIME OF LATEST TRANSACTION
- control field: 20210628203442.0
008 - FIXED-LENGTH DATA ELEMENTS
- fixed length control field: 210628|| aca||aabn | a|a d
040 ## - CATALOGING SOURCE
- Original cataloging agency: NUST
- Transcribing agency: NUST
150 ## - HEADING--TOPICAL TERM
- Topical term or geographic name entry element: EXPERT SYSTEMS (COMPUTER SCIENCE), FUZZY SYSTEMS
670 ## - SOURCE DATA FOUND
- Source citation: Work cat.: (NUST): Siler, William , Buckley, James J 65553, Fuzzy expert systems and fuzzy reasoning, 2005
